Geology and volcanic petrology of the Lava Mountains, San Bernardino County, California, (Record no. 30024)

MARC details
000 -LEADER
fixed length control field 01172cam a22002891 4500
001 - CONTROL NUMBER
control field gs 65000211
003 - CONTROL NUMBER IDENTIFIER
control field DLC
005 - DATE AND TIME OF LATEST TRANSACTION
control field 20260227111416.0
008 - FIXED-LENGTH DATA ELEMENTS--GENERAL INFORMATION
fixed length control field 780202s1964 dcuab b f000 0 eng
010 ## - LIBRARY OF CONGRESS CONTROL NUMBER
LC control number gs 65000211
035 ## - SYSTEM CONTROL NUMBER
System control number (OCoLC)3598916
040 ## - CATALOGING SOURCE
Original cataloging agency DLC
Transcribing agency OClU
Modifying agency OCoLC
-- ISS
-- OCoLC
-- DLC
050 00 - LIBRARY OF CONGRESS CALL NUMBER
Classification number QE75
Item number .P9 no. 457
051 ## - LIBRARY OF CONGRESS COPY, ISSUE, OFFPRINT STATEMENT
Classification number QE90.S114
Item number S6
086 0# - GOVERNMENT DOCUMENT CLASSIFICATION NUMBER
Classification number I 19.16:457
100 1# - MAIN ENTRY--PERSONAL NAME
Personal name Smith, George I.
Fuller form of name (George Irving),
Dates associated with a name 1927-
245 10 - TITLE STATEMENT
Title Geology and volcanic petrology of the Lava Mountains, San Bernardino County, California,
Statement of responsibility, etc. by George I. Smith.
260 ## - PUBLICATION, DISTRIBUTION, ETC.
Place of publication, distribution, etc. Washington,
Name of publisher, distributor, etc. U.S. Govt. Print. Off.,
Date of publication, distribution, etc. 1964.
300 ## - PHYSICAL DESCRIPTION
Extent 97 p.
Other physical details illus. (1 col.) maps (1 col.)
Dimensions 29 cm.
410 20 - SERIES STATEMENT/ADDED ENTRY--CORPORATE NAME [OBSOLETE, CAN/MARC], [LOCAL, USA]
Corporate name or jurisdiction name as entry element Geological Survey (U.S.).
Title of a work Professional paper,
Volume number/sequential designation 457
500 ## - GENERAL NOTE
General note Part of illustrative matter fold. in pocket.
500 ## - GENERAL NOTE
General note Prepared partly in cooperation with the State of California, Dept. of Conservation, Division of Mines and Geology.
504 ## - BIBLIOGRAPHY, ETC. NOTE
Bibliography, etc. note Bibliography: p. 87-89.
650 #0 - SUBJECT ADDED ENTRY--TOPICAL TERM
Topical term or geographic name entry element Geology
Geographic subdivision California
-- San Bernardino County
650 #0 - SUBJECT ADDED ENTRY--TOPICAL TERM
Topical term or geographic name entry element Petrology
Geographic subdivision California
-- San Bernardino County
740 0# - ADDED ENTRY--UNCONTROLLED RELATED/ANALYTICAL TITLE
Uncontrolled related/analytical title Lava Mountains, San Bernardino County, California.

No items available.

Powered by Koha